00634nam a2200205Ia 4500008004100000040001400041082002100055100002300076245004300099260003400142300001800176365002700194366000800221505002200229530003000251620004400281630004300325650001700368730004300385100315s9999 xx 000 0 und d cENGLISH  b8253 a658.11  a"Sherleker, S.A. " aBusiness Administration and Management aBombay bHIMALAYA  c1979  a"xiii,406  " eRupees d1 b80.00  f0  gVaibhav Gaikwad  bDonated By RBI Library   a"Business Administration, Management " aBusiness Administration and Management aMANAGEMENT  aBusiness Administration and Management